Environmental policy implementation : planning and management options and their consequences /

Bibliographic Details
Other Authors: Mann, Dean E.
Format: Book
Language:English
Published: Lexington, Mass. : Lexington Books, [1982]
Series:Policy Studies Organization series (Unnumbered)
Subjects:

MARC

Tag First Indicator Second Indicator Subfields
LEADER 00000cam a2200000 a 4500
001 in00000089026
005 20151008065240.0
008 811214s1982 mau b 00100 eng
010 |a  79003829  
020 |a 0669035165 
035 |a (OCoLC)08402679 
035 |9 AAK5617AM 
040 |a DLC  |c DLC  |d TXA  |d UtOrBLW 
043 |a n-us--- 
049 |a TXAM  |c [1443134] 
050 0 0 |a HC110.E5  |b E49875 1982 
082 0 |a 333.7/0973  |2 19 
245 0 0 |a Environmental policy implementation :  |b planning and management options and their consequences /  |c edited by Dean E. Mann. 
264 1 |a Lexington, Mass. :  |b Lexington Books,  |c [1982] 
264 4 |c ©1982 
300 |a ix, 261 pages ;  |c 24 cm. 
336 |a text  |b txt  |2 rdacontent 
337 |a unmediated  |b n  |2 rdamedia 
338 |a volume  |b nc  |2 rdacarrier 
490 1 |a Policy Studies Organization series 
504 |a Includes bibliographical references and indexes. 
650 0 |a Environmental policy  |z United States. 
700 1 |a Mann, Dean E. 
830 0 |a Policy Studies Organization series (Unnumbered) 
999 |a MARS 
999 f f |s 8304e1b6-05fe-3620-aac8-ae4d9a58bea3  |i 8b56ddd2-6813-3d90-8ce0-6c56b9ec1ce2  |t 0 
952 f f |p ric  |a Texas A&M University  |b Rellis Campus  |c Joint Library Facility  |d Remote Storage  |t 0  |e HC110.E5 E49875 1982  |h Library of Congress classification  |i unmediated -- volume  |m A14806121827 
998 f f |a HC110.E5 E49875 1982  |t 0  |l Remote Storage